عرض عادي
عرض مارك
- Silverman, Eric
دخول Personal Name
001 - CONTROL NUMBER
- control field: 22848
003 - CONTROL NUMBER IDENTIFIER
- control field: AE-AdECS
005 - DATE AND TIME OF LATEST TRANSACTION
- control field: 20251117115055.0
008 - FIXED-LENGTH DATA ELEMENTS
- fixed length control field: 251117|| aca||aabn | a|a d
040 ## - CATALOGING SOURCE
- Original cataloging agency: AE-AdECS
- Transcribing agency: AE-AdECS
100 ## - HEADING--PERSONAL NAME
- Personal name: Silverman, Eric
670 ## - SOURCE DATA FOUND
- Source citation: Work cat.: (AE-AdECS)293011: Silverman, Eric. author., Methodological investigations in agent-based modelling :
